[Event "Lvov Talents op"]
[Site "Lvov"]
[Date "2011.03.02"]
[Round "9.3"]
[White "Zelinsky, Andriy"]
[Black "Badik, Maksym"]
[Result "1-0"]
[WhiteElo "2094"]
[BlackElo "1875"]
[PlyCount "77"]
[EventDate "2011.02.23"]
[EventType "swiss"]
[EventRounds "9"]
[EventCountry "UKR"]
[SourceTitle "CBM 141 Extra"]
[Source "ChessBase"]
[SourceDate "2011.05.03"]
[SourceVersion "1"]
[SourceVersionDate "2011.05.03"]
[SourceQuality "1"]

1. e4 e5 2. Nf3 Nc6 3. Bc4 Nf6 4. Ng5 d5 5. exd5 Na5 6. Bb5+ c6 7. dxc6 bxc6 8. Qf3 Bb7 9. Bd3 Bd6 10. Nc3 0-0 11. Nce4 Nxe4 12. Qxe4 f5 13. Qh4 h6 14. Bc4+ Nxc4 15. Qxc4+ Kh8 16. Nf7+ Rxf7 17. Qxf7 Qb6 18. Qe6 Bc5 19. 0-0 Rf8 20. Qxe5 Bd4 21. Qd6 Bc5 22. Qe5 Bd4 23. Qe7 Bc5 24. Qh4 f4 25. b3 Bc8 26. Bb2 Kh7 27. Rad1 g5 28. Qh5 Bf5 29. d4 Bd6 30. c4 Qa6 31. Rfe1 Qc8 32. h3 Qd7 33. c5 Bc7 34. Qf3 Rd8 35. d5 cxd5 36. Rxd5 Qxd5 37. Re7+ Kg8 38. Qc3 Qd1+ 39. Kh2 1-0

[Event "Lvov Talents op"]
[Site "Lvov"]
[Date "2011.02.27"]
[Round "5.1"]
[White "Zelinsky, Andriy"]
[Black "Terletsky, Oleg"]
[Result "0-1"]
[WhiteElo "2094"]
[BlackElo "2150"]
[PlyCount "55"]
[EventDate "2011.02.23"]
[EventType "swiss"]
[EventRounds "9"]
[EventCountry "UKR"]
[SourceTitle "CBM 141 Extra"]
[Source "ChessBase"]
[SourceDate "2011.05.03"]
[SourceVersion "1"]
[SourceVersionDate "2011.05.03"]
[SourceQuality "1"]

1. e4 e5 2. Nf3 Nc6 3. Bc4 Nf6 4. Ng5 d5 5. exd5 Nd4 6. c3 b5 7. Bf1 Nxd5 8. Ne4 Ne6 9. Bxb5+ Bd7 10. Qa4 f5 11. Ng3 g6 12. 0-0 Rb8 13. Bxd7+ Qxd7 14. Qxa7 Rb6 15. b4 Qc6 16. f3 Ndf4 17. Kh1 h5 18. d4 h4 19. Bxf4 Nxf4 20. Ne4 fxe4 21. Nd2 e3 22. Ne4 e2 23. Rfe1 exd4 24. b5 Qd7 25. Rad1 d3 26. Rd2 Be7 27. Qa8+ Bd8 28. c4 0-1

[Event "Lvov Talents op"]
[Site "Lvov"]
[Date "2011.02.26"]
[Round "4.1"]
[White "Davymuka, Roman"]
[Black "Zelinsky, Andriy"]
[Result "0-1"]
[WhiteElo "2138"]
[BlackElo "2094"]
[PlyCount "38"]
[EventDate "2011.02.23"]
[EventType "swiss"]
[EventRounds "9"]
[EventCountry "UKR"]
[SourceTitle "CBM 141 Extra"]
[Source "ChessBase"]
[SourceDate "2011.05.03"]
[SourceVersion "1"]
[SourceVersionDate "2011.05.03"]
[SourceQuality "1"]

1. d4 Nf6 2. Nf3 d5 3. c4 c5 4. Nc3 cxd4 5. Qxd4 Nc6 6. Qf4 g5 7. Qxg5 Rg8 8. Qd2 d4 9. Nd5 Nxd5 10. cxd5 Qxd5 11. e3 e5 12. a3 Bh3 13. exd4 Bxg2 14. Bxg2 Rxg2 15. Qe2 e4 16. Bf4 Be7 17. Ne5 Nxd4 18. Qh5 Nf3+ 19. Kf1 Rg6 0-1